| 000 | 00660nam a2200241Ia 4500 | ||
|---|---|---|---|
| 003 | OSt | ||
| 005 | 20220925202624.0 | ||
| 006 | a|||||r|||| 00| 0 | ||
| 007 | ta | ||
| 008 | 220923b |||||||| |||| 00| 0 eng d | ||
| 037 | _cGeneral Book | ||
| 040 |
_aRTL _cRTL _beng |
||
| 041 |
_2eng _aeng |
||
| 082 | _aHObD, M1 | ||
| 100 |
_aGokhale K V G K _9263922 |
||
| 245 | 0 | _aExperiments in engineering geology | |
| 260 |
_aDelhi _bTata McGraw Hill India _c1981 |
||
| 300 |
_ax,142p. _ccm. |
||
| 650 |
_aGeology _915465 |
||
| 700 |
_a Rao D M _9263923 |
||
| 942 |
_hHObD, M1 _cGB _2CC |
||
| 999 |
_c543550 _d543550 |
||